Efecto de suelos expansivos en la cimentación de estructuras livianas

Spremljeno u:
Bibliografski detalji
Glavni autor: Quirós Arroyo, Melvin
Format: Knjiga
Izdano: [San José , Costa Rica] 1985
Teme:
Oznake: Dodaj oznaku
Bez oznaka, Budi prvi tko označuje ovaj zapis!

MARC

LEADER 00000nam a2200000Ia 4500
003 002774
005 20221231144405.0
008 140114s1985 cr a m 000 ||s d
040 |c cru CEDI 
090 |a TFG 1656 
100 |a Quirós Arroyo, Melvin  |9 14640 
245 |a Efecto de suelos expansivos en la cimentación de estructuras livianas 
260 |c 1985  |a [San José , Costa Rica] 
300 |a  101 hojas : ilustraciones (algunas plegables) ; 28 cm  
500 |a  Proyecto de graduación (ingeniero civil)-- Universidad de Costa Rica. Facultad de Ingeniería. Escuela de Ingeniería Civil 
650 |x CIMENTACIONES   |x MECANICA DE SUELOS  |9 14641 
942 |c TFG  |2 ddc 
999 |c 21163  |d 21163